[Event "60th ch-HUN w 2012"]
[Site "Kisvarda HUN"]
[Date "2012.12.10"]
[Round "7"]
[White "Ruszin,A"]
[Black "Schneider,Ve"]
[Result "0-1"]
[BlackTitle "WGM"]
[WhiteElo "2133"]
[BlackElo "2306"]
[WhiteFideId "728918"]
[BlackFideId "721530"]
[EventDate "2012.12.04"]
[EventType "tourn"]

1. e4 c5 2. Nf3 e6 3. d4 cxd4 4. Nxd4 Qb6 5. Nb3 Qc7 6. g3 Nc6 7. Bg2 b5 8. O-O
Bb7 9. Nc3 a6 10. Re1 d6 11. f4 b4 12. Na4 Nf6 13. Be3 Nd7 14. c4 bxc3 15. Nxc3
Rc8 16. Rc1 Qb8 17. f5 e5 18. Rf1 Be7 19. Nd5 Bd8 20. Qg4 Kf8 21. Bg5 Bxg5 22.
Qxg5 Qa7+ 23. Kh1 f6 24. Qd2 Kf7 25. g4 h6 26. Qe1 Nd4 27. Ne3 Nxb3 28. axb3
Rxc1 29. Qxc1 Rc8 30. Nc4 Ke7 31. Rd1 Rc6 32. Qd2 Qc5 33. Ne3 Rb6 34. Nc4 Rc6
35. Ne3 Rb6 36. Nc4 Rxb3 37. Nxd6 Rb4 38. Nxb7 Rxb7 39. Bf1 a5 40. Ba6 Rc7 41.
b3 Qd4 42. Qe2 Qc3 43. g5 Nc5 44. gxf6+ gxf6 45. Bc4 Nxb3 46. Bxb3 Qxb3 47. Rg1
Qc4 48. Qg4 Kf8 49. Qh4 Rf7 50. Qxh6+ Ke8 51. Qe3 Rb7 52. Re1 a4 53. Qh6 Rf7 54.
Qh8+ Rf8 55. Qh3 Rg8 56. Qh5+ Qf7 57. Qe2 Qb3 58. Rc1 Ke7 59. Rc7+ Kd8 60. Rc1
Rg7 61. Qd2+ Rd7 62. Qa5+ Ke7 63. Qc5+ Kf7 64. Qf2 Rd1+ 65. Rxd1 Qxd1+ 66. Kg2
Qg4+ 67. Kf1 Qd1+ 68. Kg2 Qg4+ 69. Kf1 Qxe4 70. Qa7+ Kg8 71. Qd7 Qh1+ 72. Ke2
Qxh2+ 73. Kf1 Qf4+ 74. Kg2 Qe4+ 75. Kf1 Qc4+ 76. Kg2 Qg4+ 77. Kf1 Qc4+ 78. Ke1
Qf7 79. Qxa4 Qe7 80. Qc4+ Kf8 81. Qc8+ Kg7 82. Qc4 Qd6 83. Qg4+ Kf8 84. Qc4 Qd7
85. Qb4+ Kf7 86. Qb3+ Ke7 87. Qb4+ Qd6 88. Qb7+ Kd8 89. Qb3 Qc6 90. Qg8+ Kc7 91.
Qf7+ Kb6 92. Qb3+ Kc5 93. Qc3+ Kd6 94. Qa3+ Kd7 95. Qa7+ Kc8 96. Qh7 Qe4+ 97.
Kf1 Qc4+ 98. Ke1 Qb4+ 99. Kf1 Qd6 100. Qg8+ Kb7 101. Qf7+ Kb6 102. Qb3+ Ka5 103.
Qa2+ Kb5 104. Qe2+ Kb6 105. Qb2+ Kc7 106. Qc3+ Qc6 107. Qa5+ Kb7 108. Qb4+ Ka6
109. Qa3+ Kb6 110. Qe3+ Qc5 111. Qh3 e4 112. Qg4 Qc1+ 113. Ke2 Qc2+ 114. Ke1
Qc3+ 115. Ke2 Qd3+ 116. Ke1 Qe3+ 117. Kf1 Kc6 118. Qg6 Qf4+ 119. Ke1 Qe5 120.
Kf1 Kc5 121. Qh7 Kd4 122. Qa7+ Kd3 123. Qa6+ Ke3 124. Qe2+ Kf4 125. Qf2+ Kg5
126. Qg2+ Kxf5 127. Qh3+ Kg6 128. Qg4+ Kf7 129. Qd7+ Kg6 130. Qg4+ Kf7 131. Qd7+
Qe7 132. Qd5+ Qe6 133. Qh5+ Kg7 134. Ke2 f5 135. Ke3 Qh6+ 0-1

[Event "Polonia Wroclaw Cup GM"]
[Site "Wroclaw POL"]
[Date "2012.12.08"]
[Round "1"]
[White "Grabarczyk,M"]
[Black "Cyborowski,L"]
[Result "1/2-1/2"]
[WhiteTitle "GM"]
[BlackTitle "GM"]
[WhiteElo "2455"]
[BlackElo "2526"]
[WhiteFideId "1101684"]
[BlackFideId "1108760"]
[EventDate "2012.12.07"]

1. d4 Nf6 2. c4 g6 3. Nf3 Bg7 4. g3 O-O 5. Bg2 c5 6. O-O d6 7. Nc3 cxd4 8. Nxd4
Nbd7 9. b3 Nc5 10. Bb2 Bd7 11. Rc1 1/2-1/2

[Event "Polonia Wroclaw Cup GM"]
[Site "Wroclaw POL"]
[Date "2012.12.08"]
[Round "1"]
[White "Carlstedt,J"]
[Black "Kolosowski,M"]
[Result "0-1"]
[WhiteTitle "IM"]
[BlackTitle "IM"]
[WhiteElo "2356"]
[BlackElo "2442"]
[WhiteFideId "24614386"]
[BlackFideId "1129708"]
[EventDate "2012.12.07"]

1. c4 Nf6 2. g3 e6 3. Bg2 d5 4. Nf3 dxc4 5. Qa4+ Bd7 6. Qxc4 Bc6 7. O-O Be7 8.
Nc3 a6 9. d4 b5 10. Qb3 Nbd7 11. Bf4 O-O 12. Rac1 Qb8 13. Qc2 Bd6 14. Bxd6 cxd6
15. d5 exd5 16. Nd4 Bb7 17. Nf5 Re8 18. Rcd1 Re5 19. Ne3 Qe8 20. Nf5 Qf8 21. f4
Re6 22. h3 Rc8 23. a3 Nb6 24. Rd3 Nc4 25. Qc1 Ne4 26. Nxe4 dxe4 27. Rc3 d5 28.
e3 Rec6 29. Nd4 Rc5 30. Nb3 R5c7 31. Na5 Ba8 32. Rd1 Qe7 33. Nb3 Bb7 34. Qa1 Nd6
35. Rxc7 Rxc7 36. Nd4 Nc4 37. Kf2 g6 38. Rc1 b4 39. axb4 Qxb4 40. Rc3 Rc5 41.
Nc2 Qxb2 42. Qxb2 Nxb2 43. Rxc5 Nd3+ 44. Ke2 Nxc5 45. Kd2 Kf8 46. Kc3 Ke7 47.
Bf1 Kd6 48. Nd4 Kc7 49. g4 Bc8 50. g5 Bd7 51. h4 a5 52. Be2 Na4+ 53. Kc2 Kb6 54.
h5 Kc5 55. h6 Nb6 56. Kc3 a4 57. f5 Kd6 58. fxg6 fxg6 59. Kb4 Be8 60. Bf1 Ke5
61. Be2 Nc8 62. Bg4 Nd6 63. Be6 Bf7 64. Bd7 Nc4 65. Bxa4 Nxe3 66. Nc6+ Kf4 67.
Nd8 Bg8 0-1

[Event "Polonia Wroclaw Cup GM"]
[Site "Wroclaw POL"]
[Date "2012.12.08"]
[Round "1"]
[White "Kriebel,T"]
[Black "Michalik,P"]
[Result "0-1"]
[WhiteTitle "FM"]
[BlackTitle "GM"]
[WhiteElo "2361"]
[BlackElo "2508"]
[WhiteFideId "330027"]
[BlackFideId "14907526"]
[EventDate "2012.12.07"]

1. e4 c6 2. d4 d5 3. Nc3 dxe4 4. Nxe4 Bf5 5. Ng3 Bg6 6. Nf3 Nf6 7. Bc4 Nbd7 8.
O-O e6 9. Qe2 Be7 10. Bb3 O-O 11. Bg5 a5 12. a3 Nh5 13. Bxe7 Nxg3 14. hxg3 Qxe7
15. Rad1 Rfd8 16. Rfe1 a4 17. Ba2 h6 18. c3 Ra5 19. c4 Qd6 20. c5 Qc7 21. Nh4
Nf8 22. f4 b6 23. Qf2 Bh5 24. Rc1 g6 25. Re5 bxc5 26. dxc5 Bg4 27. Qe1 Rb5 28.
Qc3 Nd7 29. Re4 Rxc5 30. Rc4 Rxc4 31. Bxc4 Nb6 32. Ba2 Qd7 33. Kh2 Nd5 34. Qd4
Rb8 35. Rc4 Nb6 36. Qe5 Qd8 37. Rxc6 Nd7 38. Qd4 Nf6 39. Qxd8+ Rxd8 40. Rc2 Bd1
41. Rc1 Rd2 42. Bc4 g5 43. fxg5 hxg5 44. Rxd1 Rxd1 45. Nf3 Ng4+ 0-1

[Event "Polonia Wroclaw Cup GM"]
[Site "Wroclaw POL"]
[Date "2012.12.08"]
[Round "1"]
[White "Stachowiak,K"]
[Black "Cernousek,L"]
[Result "1-0"]
[WhiteTitle "IM"]
[BlackTitle "IM"]
[WhiteElo "2432"]
[BlackElo "2450"]
[WhiteFideId "1119966"]
[BlackFideId "311707"]
[EventDate "2012.12.07"]

1. c4 Nf6 2. Nf3 g6 3. Nc3 d5 4. cxd5 Nxd5 5. Qb3 Nb6 6. d4 Bg7 7. Bg5 Be6 8.
Qc2 h6 9. Bh4 c5 10. dxc5 N6d7 11. e3 Nc6 12. Bb5 Nxc5 13. O-O g5 14. Bg3 O-O
15. Bxc6 bxc6 16. Nd4 Bc4 17. Rfd1 Bd3 18. Qd2 Qb6 19. b4 Qxb4 20. Nd5 Qb7 21.
Nc7 Rad8 22. Rac1 Ne4 23. Qxd3 Nxg3 24. hxg3 Qxc7 25. Qa6 c5 26. Nc6 Rxd1+ 27.
Rxd1 e6 28. a4 Bf6 29. Rc1 Qd6 30. Qb5 Rc8 31. Nxa7 Qd2 32. Rb1 Rd8 33. Nc6 Ra8
34. a5 Qa2 35. Qb7 Ra6 36. Qc8+ 1-0

[Event "Polonia Wroclaw Cup GM"]
[Site "Wroclaw POL"]
[Date "2012.12.08"]
[Round "1"]
[White "Wieczorek,O"]
[Black "Nosenko,A"]
[Result "1-0"]
[BlackTitle "IM"]
[WhiteElo "2316"]
[BlackElo "2520"]
[WhiteFideId "1133950"]
[BlackFideId "14100690"]
[EventDate "2012.12.07"]

1. e4 Nf6 2. e5 Nd5 3. d4 Nb6 4. Nf3 d5 5. exd6 cxd6 6. a4 d5 7. Ne5 Nc6 8. Bb5
Bd7 9. Bxc6 bxc6 10. Qf3 Be6 11. a5 Nd7 12. Nxc6 Qc7 13. Nb4 Nf6 14. O-O Qb7 15.
Nd3 Bg4 16. Qg3 e6 17. Nc3 Bf5 18. Bg5 Nd7 19. Rfe1 f6 20. Bf4 Kf7 21. Bd6 Bxd3
22. Bxf8 Bg6 23. Ba3 Rhe8 24. Qd6 a6 25. Na2 Rad8 26. c3 Bd3 27. Nb4 Bb5 28. Qg3
Kg8 29. Re3 e5 30. Rae1 e4 31. h4 f5 32. Qf4 Rf8 33. Rg3 Rde8 34. Nc2 Rf7 35.
Ne3 Kh8 36. Nxf5 g6 37. Nd6 Rxf4 38. Nxb7 Rxh4 39. Nd6 Rb8 40. Rg5 Nf6 41. Nxb5
Rxb5 42. Bb4 Rh5 43. Re5 Rxe5 44. dxe5 Ne8 45. f3 exf3 46. gxf3 Kg7 47. Kf2 Kf7
48. e6+ Kf6 49. f4 d4 50. e7 h5 51. Rd1 dxc3 52. bxc3 Rf5 53. Kg3 Kf7 54. Rd8 g5
55. fxg5 Rxg5+ 56. Kh4 Re5 57. Ra8 Nf6 58. Rxa6 Nd5 59. Ra8 1-0

[Event "Polonia Wroclaw Cup GM"]
[Site "Wroclaw POL"]
[Date "2012.12.08"]
[Round "2"]
[White "Cyborowski,L"]
[Black "Nosenko,A"]
[Result "1-0"]
[WhiteTitle "GM"]
[BlackTitle "IM"]
[WhiteElo "2526"]
[BlackElo "2520"]
[WhiteFideId "1108760"]
[BlackFideId "14100690"]
[EventDate "2012.12.07"]

1. Nf3 Nf6 2. c4 e6 3. Nc3 Bb4 4. Qc2 O-O 5. a3 Bxc3 6. Qxc3 d6 7. b4 e5 8. Bb2
Qe7 9. g3 b6 10. Bg2 Bb7 11. O-O Nbd7 12. Rfe1 Rfe8 13. Nxe5 Bxg2 14. Nxd7 Qxd7
15. Kxg2 a5 16. d3 axb4 17. axb4 Rxa1 18. Bxa1 h5 19. h3 c5 20. Qd2 Nh7 21. e4
b5 22. bxc5 dxc5 23. Qb2 Nf6 24. Qxb5 Qxd3 25. Re3 Qd7 26. Bxf6 Qxb5 27. cxb5
gxf6 28. Rc3 Rxe4 29. Rxc5 h4 30. gxh4 Rxh4 31. Kg3 Rb4 32. h4 Kg7 33. h5 Kf8
34. f3 Rb1 35. Kg4 Rh1 36. b6 Rb1 37. h6 Kg8 38. Rc6 Ra1 1-0

[Event "Polonia Wroclaw Cup GM"]
[Site "Wroclaw POL"]
[Date "2012.12.08"]
[Round "2"]
[White "Cernousek,L"]
[Black "Wieczorek,O"]
[Result "1-0"]
[WhiteTitle "IM"]
[WhiteElo "2450"]
[BlackElo "2316"]
[WhiteFideId "311707"]
[BlackFideId "1133950"]
[EventDate "2012.12.07"]

1. d4 Nf6 2. c4 g6 3. g3 Bg7 4. Bg2 O-O 5. Nc3 d6 6. Nf3 Nc6 7. O-O Bg4 8. d5
Na5 9. Nd2 c5 10. Qc2 a6 11. b3 b5 12. h3 Bd7 13. Bb2 Rb8 14. e4 bxc4 15. bxc4
Nh5 16. Nd1 Bh6 17. Bc3 e5 18. Nb2 Qc7 19. Nd3 f5 20. Kh2 f4 21. g4 f3 22. Nxf3
Nf4 23. Nfxe5 dxe5 24. Bxe5 Qc8 25. Nxf4 Rxf4 26. Qc3 Nb7 27. g5 Bxg5 28. Qg3
Rh4 29. Bxb8 Bxh3 30. Bxh3 1-0

[Event "Polonia Wroclaw Cup GM"]
[Site "Wroclaw POL"]
[Date "2012.12.08"]
[Round "2"]
[White "Michalik,P"]
[Black "Stachowiak,K"]
[Result "1/2-1/2"]
[WhiteTitle "GM"]
[BlackTitle "IM"]
[WhiteElo "2508"]
[BlackElo "2432"]
[WhiteFideId "14907526"]
[BlackFideId "1119966"]
[EventDate "2012.12.07"]

1. e4 c5 2. Nf3 e6 3. d3 Nc6 4. g3 d5 5. Qe2 Nf6 6. Bg2 Be7 7. O-O O-O 8. e5 Nd7
9. c4 dxc4 10. dxc4 Qc7 11. Re1 Nd4 12. Nxd4 cxd4 13. Nd2 Nc5 14. Nf3 d3 15. Qe3
Bd7 16. Bd2 Rfd8 17. Red1 Bc6 18. Bc3 Na4 19. Rxd3 Rxd3 20. Qxd3 Rd8 21. Qc2
Nxc3 22. Qxc3 Bxf3 23. Bxf3 Bc5 24. Rd1 Rxd1+ 25. Bxd1 Qd8 26. Qe1 a5 1/2-1/2

[Event "Polonia Wroclaw Cup GM"]
[Site "Wroclaw POL"]
[Date "2012.12.08"]
[Round "2"]
[White "Kolosowski,M"]
[Black "Kriebel,T"]
[Result "1-0"]
[WhiteTitle "IM"]
[BlackTitle "FM"]
[WhiteElo "2442"]
[BlackElo "2361"]
[WhiteFideId "1129708"]
[BlackFideId "330027"]
[EventDate "2012.12.07"]

1. e4 c5 2. Nf3 Nc6 3. c3 e6 4. d4 d5 5. exd5 exd5 6. Be3 cxd4 7. Nxd4 Nf6 8.
Be2 Bd6 9. O-O O-O 10. Nd2 Re8 11. Re1 Nxd4 12. Bxd4 Bf5 13. Nf1 Ne4 14. Bg4 Bg6
15. Qf3 Be5 16. Bxe5 Rxe5 17. Qe3 Re8 18. Qd4 Qf6 19. Rad1 Qxd4 20. Rxd4 Nf6 21.
Rxe8+ Rxe8 22. Bd1 Bb1 23. a3 Kf8 24. f3 Re6 25. Kf2 Rb6 26. Rd2 Ke7 27. Ne3 Ke6
28. g4 g5 29. Ba4 h6 30. Ke2 Bg6 31. c4 d4 32. c5 d3+ 33. Kf2 Ra6 34. Bb5 Ra5
35. a4 a6 36. b4 Rxb5 37. axb5 axb5 38. Nf5 h5 39. h3 hxg4 40. hxg4 Bxf5 41.
gxf5+ Kxf5 42. Rxd3 Ke5 43. Re3+ Kd4 44. Re7 Nd5 45. Rxb7 Nxb4 46. Rxb5 Nc6 47.
Rb7 f5 48. Rf7 Ke5 49. Rd7 Nb4 50. Ke2 Ke6 51. Rd6+ Ke5 52. Rg6 g4 53. f4+ Kd5
54. Rf6 Kxc5 55. Rxf5+ Kd4 56. Kf2 Ke4 57. Rf8 Nd5 58. Kg3 1-0

[Event "Polonia Wroclaw Cup GM"]
[Site "Wroclaw POL"]
[Date "2012.12.08"]
[Round "2"]
[White "Grabarczyk,M"]
[Black "Carlstedt,J"]
[Result "1/2-1/2"]
[WhiteTitle "GM"]
[BlackTitle "IM"]
[WhiteElo "2455"]
[BlackElo "2356"]
[WhiteFideId "1101684"]
[BlackFideId "24614386"]
[EventDate "2012.12.07"]

1. d4 e6 2. c4 g6 3. Nf3 Bg7 4. g3 Ne7 5. Bg2 d5 6. O-O Nbc6 7. e3 O-O 8. Nc3 a6
9. cxd5 exd5 10. b3 Bf5 11. Ba3 Re8 12. Rc1 a5 13. Qd2 Nc8 14. Ne1 N6e7 15. Nd3
c6 16. Na4 Nd6 17. Nac5 Rc8 18. Rfd1 Bh6 19. Qe2 Rc7 20. Ne5 f6 21. Ned3 Bc8 22.
Qc2 Nb5 23. Bb2 Nf5 24. Bc3 Rce7 25. Bd2 Kh8 26. Qb2 Nbd6 27. Qa3 b6 28. Na4 Bb7
29. Nc3 Ba6 30. Bf1 Bb7 31. Bg2 Ba6 32. Bf1 Bb7 33. Bg2 1/2-1/2

[Event "Polonia Wroclaw Cup GM"]
[Site "Wroclaw POL"]
[Date "2012.12.09"]
[Round "3"]
[White "Carlstedt,J"]
[Black "Cyborowski,L"]
[Result "1/2-1/2"]
[WhiteTitle "IM"]
[BlackTitle "GM"]
[WhiteElo "2356"]
[BlackElo "2526"]
[WhiteFideId "24614386"]
[BlackFideId "1108760"]
[EventDate "2012.12.07"]

1. c4 e5 2. g3 Nc6 3. Bg2 g6 4. Nc3 Bg7 5. Rb1 a5 6. d3 d6 7. h4 h6 8. a3 Nf6 9.
e4 Nd4 10. f3 Nd7 11. Nge2 Nc5 12. Be3 a4 13. Bf2 Bd7 14. Nxd4 exd4 15. Ne2 Nb3
16. Nc1 Nc5 17. Ne2 Nb3 18. Nc1 Nxc1 19. Rxc1 c5 20. f4 Rb8 21. O-O b5 22. cxb5
Rxb5 23. Qxa4 Rxb2 24. Qd1 O-O 25. h5 g5 26. e5 dxe5 27. Rxc5 Qb6 28. Qc1 exf4
29. gxf4 gxf4 30. Rc7 Rb1 31. Qxf4 Rxf1+ 32. Bxf1 Be6 33. Bh4 Qa5 34. Rc2 Qxh5
35. Rg2 Kh7 36. Bf6 Bxf6 37. Qxf6 Rg8 38. Qxd4 Rxg2+ 39. Bxg2 Qd1+ 40. Kh2 Bf5 1/2-1/2

[Event "Polonia Wroclaw Cup GM"]
[Site "Wroclaw POL"]
[Date "2012.12.09"]
[Round "3"]
[White "Kriebel,T"]
[Black "Grabarczyk,M"]
[Result "1/2-1/2"]
[WhiteTitle "FM"]
[BlackTitle "GM"]
[WhiteElo "2361"]
[BlackElo "2455"]
[WhiteFideId "330027"]
[BlackFideId "1101684"]
[EventDate "2012.12.07"]

1. d4 d5 2. c4 e6 3. Nc3 Nf6 4. cxd5 Nxd5 5. e4 Nxc3 6. bxc3 c5 7. Nf3 cxd4 8.
cxd4 Bb4+ 9. Bd2 Bxd2+ 10. Qxd2 O-O 11. Bc4 Nd7 12. O-O b6 13. Rad1 Bb7 14. Rfe1
Rc8 15. Bb3 a6 16. Qf4 Qf6 17. Qxf6 Nxf6 18. d5 exd5 19. exd5 Rfe8 20. Ne5 Rc5
21. Nd3 Rxe1+ 22. Rxe1 Rc3 23. Rd1 Kf8 24. d6 Nd7 25. f4 Bc8 26. Kf2 f6 27. Nb4
a5 28. Nd5 Rc6 29. Ne7 Rc5 30. Be6 Ke8 31. Nxc8 Rxc8 32. Re1 Kd8 33. Bg4 Rc6 34.
Re7 Rxd6 35. Rxg7 h6 36. Ke3 Nc5 37. Bf5 Rd1 38. Rh7 Re1+ 39. Kd4 Re2 40. Rxh6
Rxg2 41. Rxf6 Kc7 42. h4 Rh2 43. Ke5 Re2+ 44. Kd5 Rd2+ 45. Kc4 Rh2 46. Bg6 Rxh4
47. Kb5 Nd7 48. Rf7 Kd6 49. Bf5 Nc5 50. Rf6+ Ke7 51. Rxb6 Rxf4 52. Bh3 Rf3 53.
Rh6 Nb7 54. Rh7+ Kf6 55. Rxb7 Rxh3 56. Ka4 Ke6 57. Rb3 Rh5 58. Rd3 Re5 59. Rd4
Ke7 60. a3 Rf5 61. Kb3 Rg5 62. Kc4 Rh5 63. a4 Rg5 64. Rd1 Rh5 65. Rg1 Kd6 66.
Rg6+ 1/2-1/2

[Event "Polonia Wroclaw Cup GM"]
[Site "Wroclaw POL"]
[Date "2012.12.09"]
[Round "3"]
[White "Stachowiak,K"]
[Black "Kolosowski,M"]
[Result "1-0"]
[WhiteTitle "IM"]
[BlackTitle "IM"]
[WhiteElo "2432"]
[BlackElo "2442"]
[WhiteFideId "1119966"]
[BlackFideId "1129708"]
[EventDate "2012.12.07"]

1. c4 Nf6 2. Nf3 g6 3. Nc3 Bg7 4. e4 c5 5. d4 cxd4 6. Nxd4 d6 7. Be2 Nc6 8. Be3
O-O 9. O-O Bd7 10. Nc2 Ne5 11. f3 Rc8 12. b3 a6 13. Qd2 b5 14. cxb5 Qc7 15. Bd4
axb5 16. Nb4 Qa5 17. a3 Be6 18. Qb2 Ned7 19. Ncd5 Rfe8 20. Rfc1 Bxd5 21. exd5
Rxc1+ 22. Rxc1 Bh6 23. Ra1 e5 24. dxe6 Rxe6 25. Rd1 d5 26. Bf1 Bf4 27. Qc3 Bc7
28. Bxb5 Bxh2+ 29. Kxh2 Qxb5 30. Re1 Qb8+ 31. Kg1 Qf4 32. Rxe6 fxe6 33. Nd3 Qg5
34. a4 h5 35. Ne5 Nxe5 36. Bxe5 Nd7 37. Qc8+ 1-0

[Event "Polonia Wroclaw Cup GM"]
[Site "Wroclaw POL"]
[Date "2012.12.09"]
[Round "3"]
[White "Wieczorek,O"]
[Black "Michalik,P"]
[Result "1/2-1/2"]
[BlackTitle "GM"]
[WhiteElo "2316"]
[BlackElo "2508"]
[WhiteFideId "1133950"]
[BlackFideId "14907526"]
[EventDate "2012.12.07"]

1. e4 c5 2. Nf3 Nc6 3. d4 cxd4 4. Nxd4 e5 5. Nb5 d6 6. N1c3 a6 7. Na3 Be7 8. Nc4
b5 9. Ne3 Nf6 10. g3 h5 11. Bg2 h4 12. O-O h3 13. Bh1 O-O 14. Ncd5 b4 15. a3 b3
16. c3 Rb8 17. Qe2 Na5 18. Rd1 Nxd5 19. Nxd5 Bg5 20. Bxg5 Qxg5 21. Ne3 Rb6 22.
Rd5 Nb7 23. Rad1 Be6 24. R5d2 Rc8 25. Bf3 g6 26. Nd5 Rb5 27. Qe3 Qxe3 28. Nxe3
Kf8 29. Bg4 Ke7 30. Be2 Rb6 31. f4 f6 32. f5 gxf5 33. exf5 Bf7 34. Bg4 Nc5 35.
Bxh3 Ne4 36. Re2 Nxc3 37. bxc3 Rxc3 38. Bg2 b2 39. Be4 d5 40. Nxd5+ Bxd5 41.
Rxd5 b1=Q+ 42. Bxb1 Rxb1+ 43. Kg2 Rxa3 44. Rc2 Rb7 45. Rc6 Ra2+ 46. Kh3 Rf2 47.
Rxa6 Rxf5 48. Rd2 Rf1 49. Kg2 Rfb1 50. h4 R1b6 51. Ra8 Rb8 52. Rxb8 Rxb8 53. Ra2
Kf7 54. Kf3 Kg6 55. Ra6 Rb3+ 56. Kg4 Rb4+ 57. Kf3 Rb3+ 58. Kg4 Rb4+ 1/2-1/2

[Event "Polonia Wroclaw Cup GM"]
[Site "Wroclaw POL"]
[Date "2012.12.09"]
[Round "3"]
[White "Nosenko,A"]
[Black "Cernousek,L"]
[Result "1/2-1/2"]
[WhiteTitle "IM"]
[BlackTitle "IM"]
[WhiteElo "2520"]
[BlackElo "2450"]
[WhiteFideId "14100690"]
[BlackFideId "311707"]
[EventDate "2012.12.07"]

1. d4 Nf6 2. c4 g6 3. f3 d5 4. cxd5 Nxd5 5. e4 Nb6 6. Nc3 Bg7 7. Be3 O-O 8. Qd2
f5 9. e5 Nc6 10. O-O-O Nb4 11. Nh3 Be6 12. Kb1 Qd7 13. Ng5 Nc4 14. Bxc4 Bxc4 15.
b3 Bd3+ 16. Kb2 c5 17. a3 cxd4 18. axb4 dxc3+ 19. Qxc3 Rfd8 20. Rd2 Qb5 21. f4
a5 22. Qc5 axb4 23. Qxb5 Bxb5 24. Rhd1 Rxd2+ 25. Rxd2 Rc8 26. g3 h6 27. Ne6 Rc3
28. Bc5 Rd3 29. Rxd3 Bxd3 30. Bxe7 Kf7 31. Nc5 Be4 32. Bd6 Bd5 33. Nd3 g5 34.
Nxb4 Be4 35. Kc3 gxf4 36. gxf4 h5 37. Kd4 Bh6 38. Nd5 Ke6 39. Nc7+ Kd7 40. Kc5
b6+ 41. Kxb6 Bxf4 42. Na6 Bxh2 43. Nc5+ Ke8 44. Kc7 h4 45. e6 Bg1 46. Nd7 Bd4
47. b4 Bd3 48. Bf4 Ke7 49. Bg5+ Kxe6 50. Bxh4 Kd5 51. Nb6+ Ke4 52. Nd7 Ke3 53.
Nc5 Bc4 54. Kc6 Ke2 55. b5 Bxc5 56. Kxc5 1/2-1/2

[Event "Polonia Wroclaw Cup GM"]
[Site "Wroclaw POL"]
[Date "2012.12.09"]
[Round "4"]
[White "Cyborowski,L"]
[Black "Cernousek,L"]
[Result "1/2-1/2"]
[WhiteTitle "GM"]
[BlackTitle "IM"]
[WhiteElo "2526"]
[BlackElo "2450"]
[WhiteFideId "1108760"]
[BlackFideId "311707"]
[EventDate "2012.12.07"]

1. Nf3 Nf6 2. c4 g6 3. Nc3 d5 4. cxd5 Nxd5 5. e4 Nxc3 6. dxc3 Qxd1+ 7. Kxd1 f6
8. Be3 e5 9. Bc4 Nd7 10. Be6 Nc5 11. Bxc8 Rxc8 12. Bxc5 Bxc5 13. Ke2 Ke7 14.
Rad1 1/2-1/2

[Event "Polonia Wroclaw Cup GM"]
[Site "Wroclaw POL"]
[Date "2012.12.09"]
[Round "4"]
[White "Michalik,P"]
[Black "Nosenko,A"]
[Result "1-0"]
[WhiteTitle "GM"]
[BlackTitle "IM"]
[WhiteElo "2508"]
[BlackElo "2520"]
[WhiteFideId "14907526"]
[BlackFideId "14100690"]
[EventDate "2012.12.07"]

1. d4 c5 2. d5 e5 3. Nc3 d6 4. e4 a6 5. a4 Be7 6. g3 Bg5 7. Bxg5 Qxg5 8. Nf3 Qe7
9. Nd2 Nd7 10. Nc4 Rb8 11. a5 Nh6 12. Bg2 O-O 13. O-O f5 14. exf5 Nf6 15. Qd2
Bxf5 16. h3 Bg6 17. g4 Nf7 18. Rae1 Qc7 19. Ne2 Rfe8 20. f4 Be4 21. Bxe4 Nxe4
22. Qd3 Nf6 23. g5 Nh5 24. g6 hxg6 25. Qxg6 Nxf4 26. Nxf4 exf4 27. Rxe8+ Rxe8
28. Rxf4 Rd8 29. Rg4 Ne5 30. Nxe5 dxe5 31. Rh4 Qd6 32. Qxd6 Rxd6 33. c4 b6 34.
Kf2 bxa5 35. Ke3 Rb6 36. Ke4 Rxb2 37. Kxe5 a4 38. Rf4 a3 39. Rf3 a2 40. Ra3 Rc2
41. Kd6 Rxc4 42. Kc7 Rc3 43. Rxa2 Rxh3 44. d6 Rd3 45. d7 Kf7 46. d8=Q Rxd8 47.
Kxd8 g5 48. Rc2 1-0

[Event "Polonia Wroclaw Cup GM"]
[Site "Wroclaw POL"]
[Date "2012.12.09"]
[Round "4"]
[White "Kolosowski,M"]
[Black "Wieczorek,O"]
[Result "0-1"]
[WhiteTitle "IM"]
[WhiteElo "2442"]
[BlackElo "2316"]
[WhiteFideId "1129708"]
[BlackFideId "1133950"]
[EventDate "2012.12.07"]

1. d4 Nf6 2. c4 c5 3. Nf3 cxd4 4. Nxd4 e6 5. g3 Qb6 6. Nc3 Nc6 7. e3 Bb4 8. Bg2
d5 9. O-O Nxd4 10. exd4 dxc4 11. Qe2 O-O 12. Qxc4 Bd7 13. Qb3 Bc6 14. Bxc6 bxc6
15. Be3 Nd5 16. Ne4 a5 17. Rac1 a4 18. Qc4 Rfc8 19. a3 Bf8 20. Rc2 h6 21. Rfc1
Qa6 22. Nd2 Rcb8 23. Qxa6 Rxa6 24. Nc4 f6 25. Bd2 Rb5 26. Kf1 Kf7 27. Rd1 g5 28.
Bc1 h5 29. Ke2 Kg6 30. h3 Be7 31. Rd3 g4 32. hxg4 hxg4 33. Rd1 c5 34. Ne3 Nxe3
35. Bxe3 cxd4 36. Rxd4 f5 37. Bc1 Bg5 38. Bd2 e5 39. Rb4 Rxb4 40. Bxb4 f4 41.
Rc5 f3+ 42. Kd3 Rd6+ 43. Ke4 Rd4+ 44. Kxe5 Bf6+ 45. Ke6 Re4+ 46. Kd5 Re2 47. Rc6
Kf5 48. Bc5 Rd2+ 49. Kc4 Bxb2 50. Ra6 Ke5 51. Ra5 Ke4 52. Rxa4 Be5 53. Be3 Re2
54. Kb3+ Kd3 55. Bc1 Rxf2 56. Rxg4 Rc2 57. Rg5 Rxc1 58. Rxe5 f2 59. Rf5 f1=Q 60.
Rxf1 Rxf1 61. Kb4 Rb1+ 62. Kc5 Ra1 63. Kb4 Kd4 64. a4 Rb1+ 65. Ka5 Kc5 0-1

[Event "Polonia Wroclaw Cup GM"]
[Site "Wroclaw POL"]
[Date "2012.12.09"]
[Round "4"]
[White "Grabarczyk,M"]
[Black "Stachowiak,K"]
[Result "1/2-1/2"]
[WhiteTitle "GM"]
[BlackTitle "IM"]
[WhiteElo "2455"]
[BlackElo "2432"]
[WhiteFideId "1101684"]
[BlackFideId "1119966"]
[EventDate "2012.12.07"]

1. d4 d5 2. c4 c6 3. Nf3 Nf6 4. e3 e6 5. Nbd2 Nbd7 6. b3 Bd6 7. Bb2 O-O 8. Bd3
b6 9. O-O Bb7 10. Qe2 Qe7 11. e4 1/2-1/2

[Event "Polonia Wroclaw Cup GM"]
[Site "Wroclaw POL"]
[Date "2012.12.10"]
[Round "5"]
[White "Stachowiak,K"]
[Black "Carlstedt,J"]
[Result "1/2-1/2"]
[WhiteTitle "IM"]
[BlackTitle "IM"]
[WhiteElo "2432"]
[BlackElo "2356"]
[WhiteFideId "1119966"]
[BlackFideId "24614386"]
[EventDate "2012.12.07"]

1. c4 e6 2. Nc3 d5 3. d4 c5 4. cxd5 exd5 5. Nf3 Nc6 6. g3 Nf6 7. Bg5 Be6 8. Bg2
h6 9. Be3 c4 10. O-O Bb4 11. Ne5 O-O 12. Nxc6 bxc6 13. Na4 a5 14. b3 cxb3 15.
axb3 Re8 16. Qc2 Rc8 17. Rfc1 Ng4 18. Bf4 g5 19. Bd2 Qf6 20. Rf1 Bf5 21. Qc1
Qxd4 22. Bxb4 axb4 23. Ra2 Nf6 24. Rd2 Qa7 25. Nc5 Nd7 26. Nxd7 Qxd7 27. Qc5 Qe7
28. Qb6 Red8 29. e3 Rd7 30. Rc1 Rb7 31. Qd4 Ra7 32. g4 Be6 33. Rdc2 Ra3 34. Rxc6
Rxc6 35. Rxc6 Rxb3 36. Bf3 Rc3 37. Rb6 Rc8 38. Rxb4 Qc5 39. h3 1/2-1/2

[Event "Polonia Wroclaw Cup GM"]
[Site "Wroclaw POL"]
[Date "2012.12.10"]
[Round "5"]
[White "Wieczorek,O"]
[Black "Grabarczyk,M"]
[Result "1/2-1/2"]
[BlackTitle "GM"]
[WhiteElo "2316"]
[BlackElo "2455"]
[WhiteFideId "1133950"]
[BlackFideId "1101684"]
[EventDate "2012.12.07"]

1. e4 e5 2. Nf3 Nf6 3. Nxe5 d6 4. Nf3 Nxe4 5. d4 d5 6. Bd3 Be7 7. O-O Nd6 8. Bf4
O-O 9. Nbd2 Nd7 10. Re1 Re8 11. c3 Nf8 12. h3 c6 13. Ne5 f6 14. Ng4 Bf5 15. Qc2
Bxd3 16. Qxd3 Qd7 17. Re2 Ng6 18. Bh2 Bf8 19. Rae1 Rxe2 20. Rxe2 Qf5 21. Qxf5
Nxf5 22. Kf1 Kf7 23. Ne3 Nd6 24. g4 Re8 1/2-1/2